000 00347nam a2200121Ia 4500
008 220620s9999||||xx |||||||||||||| ||und||
245 0 _aPatch Clamp Technique
546 _aEnglish[eng]
650 _aCytology
700 _aShad Kaneez, Fatima
856 _uhttps://mts.intechopen.com/storage/books/1624/authors_book/authors_book.pdf
942 _cEB
999 _c34401
_d34401